|
|
|
|
| LEADER |
00000nam0a2200000 4500 |
| 001 |
373351 |
| 005 |
20231102012546.0 |
| 035 |
|
|
|a (RuTPU)RU\TPU\retro\30779
|
| 035 |
|
|
|a RU\TPU\book\307959
|
| 090 |
|
|
|a 373351
|
| 100 |
|
|
|a 20221216d1983 m y0rusy50 ca
|
| 101 |
0 |
|
|a rus
|
| 102 |
|
|
|a RU
|
| 105 |
|
|
|a a z 001ay
|
| 200 |
1 |
|
|a Генерал Ермолов
|e исторический роман
|f О. Н. Михайлов
|g под ред. М. И. Ильина
|
| 210 |
|
|
|a Москва
|c Военное изд-во
|d 1983
|
| 215 |
|
|
|a 413 с.
|c ил.
|
| 600 |
|
1 |
|a Ермолов
|g Алексей Петрович
|c российский военачальник
|c государственный деятель
|f 1777-1861
|b А. П.
|2 stltpush
|3 (RuTPU)RU\TPU\pers\831
|
| 600 |
|
1 |
|a Кутузов
|g Михаил Илларионович
|b М. И.
|c российский полководец
|c генерал-фельдмаршал
|c светлейший князь Смоленский
|f 1745-1813
|2 stltpush
|3 (RuTPU)RU\TPU\pers\250
|
| 600 |
|
1 |
|a Суворов
|b А. В.
|c русский полководец
|f 1730-1800
|g Александр Васильевич
|c генералиссимус
|2 stltpush
|3 (RuTPU)RU\TPU\pers\454
|
| 606 |
1 |
|
|a Русская литература современная
|2 stltpush
|3 (RuTPU)RU\TPU\subj\26373
|9 50316
|
| 610 |
1 |
|
|a художественная литература
|
| 610 |
1 |
|
|a исторические романы
|
| 610 |
1 |
|
|a полководцы
|
| 610 |
1 |
|
|a 19 век
|
| 610 |
1 |
|
|a Россия
|
| 675 |
|
|
|a Р2
|v 3
|
| 700 |
|
1 |
|a Михайлов
|b О. Н.
|g Олег Николаевич
|4 070
|
| 702 |
|
1 |
|a Ильин
|b М. И.
|4 340
|
| 801 |
|
1 |
|a RU
|b 63413507
|c 20150211
|
| 801 |
|
2 |
|a RU
|b 63413507
|c 20221216
|g RCR
|
| 942 |
|
|
|c BK
|